Angel Quotes - Season One Quiz Stats

 Plays Quiz not verified by Sporcle

Score 0/12 Timer 02:00
0 Plays Today
Quote Character % Correct
'What's a rouge demon?'Cordelia
88.6%
'They gave you a soul- a filthy soul!'Darla
85.1%
'Ever since she ran me through with a 2x4, things have been different.'Angel
81.7%
'Remember when Robert Price let the senior partners down and they made him eat his liver? I don't know what made me think of that.'Lila
76.7%
'I don't need advice from some middle-class white dude that's dead!'Gunn
73.8%
'I'm a detective Kendrick, I'm detecting.'Kate
72.3%
'The only money my family has is in the couch cusions.'Doyle
69.3%
'I will admit it may not be as intoxicating as a life erected on high fashion pumps and a push up bra!'Wesley
68.8%
'I've been asleep for eight months- you rest.'Faith
68.8%
'If you apologize to me, I will beat you to death.'Buffy
44.6%
'I hate to admit failure when there's no one else to blame it on.'Lindsey
44.6%
'Their ways are not our ways.'Harriet
14.4%

You're not logged in!

Compare scores with friends on all Sporcle quizzes.
OR
Log In

Show Comments

Extras

Top Quizzes Today


Score Distribution

Your Account Isn't Verified!

In order to create a playlist on Sporcle, you need to verify the email address you used during registration. Go to your Sporcle Settings to finish the process.

Report this User

Report this user for behavior that violates our Community Guidelines.

Details: